| 000 | 00995nam a22002297a 4500 | ||
|---|---|---|---|
| 999 |
_c62722 _d62722 |
||
| 003 | Ge_BSU | ||
| 005 | 20250130133536.0 | ||
| 008 | 250130s2004 ge ||||| |||| 00| 0 geo d | ||
| 020 | _a9994025007 | ||
| 041 | _ageo | ||
| 080 | _a32 ბ-52 | ||
| 100 |
_aბერიძე, ბესიკ _9931 |
||
| 245 |
_aნარკვევები XIX საუკუნის აჭარის პოლიტიკურ - სამართლებრივი / _cბესიკ ბერიძე; რედ. ოთარ გოგოლიშვილი. |
||
| 264 |
_aბათუმი : _bბსუ, _c2004. |
||
| 300 |
_a192 გვ.; _b21 სმ. |
||
| 504 | _aბიბლიოგრ. გვ. 185-188 | ||
| 520 | _aრეზიუმე რუს. და ინგლ. ენაზე. | ||
| 653 | _aაჭარა | ||
| 653 | _aსამართლებრივი აზროვნება | ||
| 653 | _aპოლიტიკა აჭარაში | ||
| 942 |
_2udc _cBK |
||